The Wind in the willows / (Record no. 2458)

MARC details
000 -LEADER
fixed length control field 00863cam a2200265 a 4500
005 - DATE AND TIME OF LATEST TRANSACTION
control field 20231211084325.0
020 ## - INTERNATIONAL STANDARD BOOK NUMBER
International Standard Book Number 078073002955
040 ## - CATALOGING SOURCE
Original cataloging agency DLC
Transcribing agency DLC
Modifying agency DLC
Language of cataloging eng
050 00 - LIBRARY OF CONGRESS CALL NUMBER
Classification number PZ7.G759
082 00 - DEWEY DECIMAL CLASSIFICATION NUMBER
Classification number 823.8
Edition number 20
100 ## - MAIN ENTRY--PERSONAL NAME
Personal name Grahame, Kenneth
245 04 - TITLE STATEMENT
Title The Wind in the willows /
Statement of responsibility, etc. by Kenneth Grahame ; Inside illustrations by STEVEN SALLMAN
260 ## - PUBLICATION, DISTRIBUTION, ETC.
Place of publication, distribution, etc. New York :
Name of publisher, distributor, etc. Scholastic,
300 ## - PHYSICAL DESCRIPTION
Extent 208 pages :
Other physical details illustrations ;
Dimensions 20 cm
505 ## - FORMATTED CONTENTS NOTE
Formatted contents note R
520 ## - SUMMARY, ETC.
Summary, etc. The escapades of four animal friends who live along a river in the English countryside--Toad, Mole, Rat, and Badger.
521 ## - TARGET AUDIENCE NOTE
Target audience note 730
Source Lexile
521 ## - TARGET AUDIENCE NOTE
Target audience note R
Source Raz-Plus
650 #1 - SUBJECT ADDED ENTRY--TOPICAL TERM
Topical term or geographic name entry element Adventure
General subdivision Fiction.
650 #1 - SUBJECT ADDED ENTRY--TOPICAL TERM
Topical term or geographic name entry element Animals
General subdivision Fiction.
700 1# - ADDED ENTRY--PERSONAL NAME
Personal name Grahame, Kenneth
Dates associated with a name 1859-1932
Title of a work Dulce domum
906 ## - LOCAL DATA ELEMENT F, LDF (RLIN)
a 7
b cbc
c orignew
d 2
e ncip
f 19
g y-gencatlg
942 ## - ADDED ENTRY ELEMENTS (KOHA)
Source of classification or shelving scheme Dewey Decimal Classification
Koha item type Books
Suppress in OPAC No
999 ## -
-- 2458
-- 2458
Holdings
Withdrawn status Lost status Source of classification or shelving scheme Damaged status Not for loan Collection Home library Current library Shelving location Date acquired Total Checkouts Full call number Barcode Date last seen Date last checked out Price effective from Koha item type
    Dewey Decimal Classification     Juvenile Fiction Footprints International School Library Network Toul Kork Campus Footprints International School Library Network Toul Kork Campus   12/11/2023 2 GRA 823.8 PZ7.G759 FIS00812 02/27/2024 01/30/2024 12/11/2023 Books